Programación avanzada en Basic

Saved in:
Bibliographic Details
Main Author: Bishop, Peter (Author)
Format: Book
Language:Spanish
Published: Madrid Anaya Multimedia 1987
Edition:2a. ed
Series:Microinformática
Subjects:
Tags: Add Tag
No Tags, Be the first to tag this record!

MARC

LEADER 00000nam a2200000 a 4500
001 UCW2057
003 CL-VaPUC
008 910320e19870000SP |||||||||||||||||spa|d
082 0 4 |a 005.133  |b BIS  |2 21 
100 0 |a Bishop, Peter  |e author  |9 306022 
245 1 0 |a Programación avanzada en Basic 
250 |a 2a. ed 
300 |a 622 p 
942 |c BK 
945 |d 19910320 00:00:00 
260 |a Madrid  |b Anaya Multimedia  |c 1987 
650 7 |a BASIC  |2 CL-VaPUC  |9 259771 
650 7 |a LENGUAJES DE PROGRAMACION PARA COMPUTADORES  |2 CL-VaPUC  |9 261360 
650 7 |a COMPUTADORES ELECTRONICOS  |2 CL-VaPUC  |9 259530 
583 |a last modification  |c 19910320 00:00:00  |k Rodrigo Vera 
490 0 |a Microinformática 
999 |c 216708  |d 216706